Savannen-Tiere - Statistiken

Allgemein
  • Dieses Quiz wurde 110 mal gespielt
    107 seit der letzten Aktualisierung
  • Das Durchschnittsergebnis liegt bei 12 aus 16
Antwortstatistiken
Bildquiz Antwort % Korrekt
Afrikanischer Elefant
100%
Giraffe
100%
Löwe
100%
Leopard
99%
Steppenzebra
98%
Gepard
96%
Tüpfelhyäne
94%
Erdmännchen
92%
Flusspferd
92%
Kaffernbüffel
87%
Sperbergeier
82%
Thomson-Gazelle
70%
Streifengnu
68%
Sattelstorch
40%
Sekretär
21%
Rotschnabel-Madenhacker
10%
Keine übereinstimmenden Quizze gefunden
Verteilung der Resultate
Anzahl Personen mit jedem Resultat
Perzentil nach korrekt beantworteten Fragen
Ihre Resultats-Entwicklung
Sie haben dieses Quiz seit der letzten Aktualisierung nicht gespielt